| 000 | 00610nam a22001937a 4500 | ||
|---|---|---|---|
| 003 | KOHA_MİRAKIL | ||
| 005 | 20260331123642.0 | ||
| 008 | 260331b tu ||||| |||| 00| 0 tur d | ||
| 020 | _a9786050000023 | ||
| 040 |
_aTR-AnABB _btur _cTR-AnABB |
||
| 041 | _atur | ||
| 082 |
_a819.1 _bMEV 2010 |
||
| 245 | 0 | 0 |
_aMevlana Celaleddin-i Rumi : _bBütün eserleri seçmeler / _chazırlayan Yakup Şafak |
| 260 |
_aKonya : _bKonya büyükşehir belediyesi yayınları, _c2010 |
||
| 300 |
_a626 sayfa ; _c20 cm |
||
| 650 | 0 | 4 | _aDivan edebiyatı |
| 700 | 1 |
_aŞafak, Yakup, _ehazırlayan _93268 |
|
| 942 |
_2ddc _cBK |
||
| 999 |
_c10128 _d10128 |
||
| 900 | _bCem ÖZOGLU | ||